La naissance du protestantisme

Saved in:  
Bibliographic Details
Main Author: Hauser, Henri 1866-1946 (Author)
Corporate Author: Presses Universitaires de France. Verlag Paris
Format: Print Book
Language:French
Subito Delivery Service: Order now.
Check availability: HBZ Gateway
WorldCat: WorldCat
Interlibrary Loan:Interlibrary Loan for the Fachinformationsdienste (Specialized Information Services in Germany)
Published: Paris Presses universitaires de France 1962
In: Mythes et religions (5)
Year: 1962
Edition:Deuxième Édition
Series/Journal:Mythes et religions 5
Standardized Subjects / Keyword chains:B Protestantism
Parallel Edition:Electronic

MARC

LEADER 00000cam a2200000 c 4500
001 1127447491
003 DE-627
005 20250708115845.0
007 tu
008 970225s1962 fr ||||| 00| ||fre c
035 |a (DE-627)1127447491 
035 |a (DE-576)057447497 
035 |a (DE-599)BSZ057447497 
035 |a (OCoLC)01654978 
035 |a (DE-604)8028856279 
040 |a DE-627  |b ger  |c DE-627  |e rda 
041 |a fre 
044 |c XA-FR 
084 |a 1  |a 0  |2 ssgn 
084 |a NV 7550  |2 rvk  |0 (DE-625)rvk/131942: 
084 |a NN 1800  |2 rvk  |0 (DE-625)rvk/126648: 
100 1 |e VerfasserIn  |0 (DE-588)130051527  |0 (DE-627)48879269X  |0 (DE-576)161332595  |4 aut  |a Hauser, Henri  |d 1866-1946 
109 |a Hauser, Henri 1866-1946  |a Hauser, H. 1866-1946 
245 1 3 |a La naissance du protestantisme  |c par Henri Hauser, Professeur à la Sorbonne 
250 |a Deuxième Édition 
264 1 |a Paris  |b Presses universitaires de France  |c 1962 
300 |a 111 Seiten  |b Illustrationen 
336 |a Text  |b txt  |2 rdacontent 
337 |a ohne Hilfsmittel zu benutzen  |b n  |2 rdamedia 
338 |a Band  |b nc  |2 rdacarrier 
490 1 |a Mythes et religions  |v 5 
500 |a Illustrationen auf Einband 
583 1 |a Archivierung prüfen  |c 20250503  |f DE-640  |z 2  |2 pdager 
583 1 |a Archivierung/Langzeitarchivierung gewährleistet  |f SSG  |x XA-DE-BW  |2 pdager  |5 DE-21 
601 |a Protestant 
689 0 0 |d s  |0 (DE-588)4047538-4  |0 (DE-627)106194321  |0 (DE-576)20907387X  |2 gnd  |a Protestantismus 
689 0 |5 (DE-627) 
710 2 |e Verlag  |0 (DE-588)1032537-2  |0 (DE-627)103785175  |0 (DE-576)19133796X  |4 pbl  |a Presses Universitaires de France  |g Paris 
776 0 8 |i Elektronische Reproduktion  |a Hauser, Henri, 1866 - 1946  |t La naissance du protestantisme  |b Deuxième Édition  |d Paris : Presses universitaires de France, 1962  |h 1 Online-Ressource (111 Seiten)  |w (DE-627)1894656806  |k Electronic 
830 0 |a Mythes et religions  |v 5  |9 5  |w (DE-627)167131966  |w (DE-576)000442526  |w (DE-600)415253-0  |x 0765-0558  |7 am 
935 |a mteo 
936 r v |a NV 7550  |b Einzelbeiträge  |k Geschichte  |k Religions- und Kirchengeschichte  |k Geschichte der protestantischen Kirchen  |k Einzelbeiträge  |0 (DE-627)1271539632  |0 (DE-625)rvk/131942:  |0 (DE-576)201539632 
936 r v |a NN 1800  |b Darstellungen  |k Geschichte  |k Neuere Geschichte  |k Zeitalter der Reformation (1517 - 1555)  |k Kirchengeschichte  |k Ursachen und Vorgeschichte der Reformation  |k Darstellungen  |0 (DE-627)1271464888  |0 (DE-625)rvk/126648:  |0 (DE-576)201464888 
951 |a BO 
ELC |b 1 
ITA |a 1  |t 1 
LOK |0 000 xxxxxcx a22 zn 4500 
LOK |0 001 2299912967 
LOK |0 003 DE-627 
LOK |0 004 1127447491 
LOK |0 005 20090610151804 
LOK |0 008 030722||||||||||||||||ger||||||| 
LOK |0 040   |a DE-21  |c DE-627  |d DE-21 
LOK |0 852   |a DE-21 
LOK |0 852 1  |c 4 A 2695  |9 00 
LOK |0 935   |a konv  |a theo  |a sepp 
LOK |0 939   |a 22-07-03  |b l01 
ORI |a SA-MARC-ixtheoa001.raw 
REL |a 1 
STA 0 0 |a Protestantism,Protestantism 
STB 0 0 |a Protestantisme,Protestantisme 
STC 0 0 |a Protestantismo,Protestantismo 
STD 0 0 |a Protestantesimo,Protestantesimo 
STE 0 0 |a 基督新教,基督新教,抗罗宗,更正教,抗罗宗,更正教 
STF 0 0 |a 基督新教,基督新教,抗羅宗,更正教,抗羅宗,更正教 
STG 0 0 |a Protestantismo,Protestantismo 
STH 0 0 |a Протестантизм,Протестантизм,Протестантство,Протестантство (мотив) 
STI 0 0 |a Προτεσταντισμός (μοτίβο),Προτεσταντισμός 
SUB |a REL 
SYG 0 0 |a Protestantism,Calvinismus,Evangelicalism,Evangelismus,Hugenotten,Lutheraner,Mennoniten,Pietismus,Puritans